000
00292nam a22001337a 4500
008
170307b xxu||||| |||| 00| 0 eng d
020
_a
9780803679160
041
_a
eng
080
_2
5TH
_a
611
100
_a
6
101
_a
SHM
245
_a
CLINICAL KINESIOLOGY
_c
SMITH, L.K
942
_2
udc
_c
BK
999
_c
6952
_d
6952